Edge's Career Opponents - Statistics

General Stats
  • This quiz has been taken 61 times
    51 since last reset
  • The average score is 79 of 129
Answer Stats
Answer % Correct
Batista
100%
Christian
100%
Eddie Guerrero
100%
Jeff Hardy
100%
John Cena
100%
Kane
100%
Matt Hardy
100%
Roman Reigns
100%
Seth Rollins
100%
The Undertaker
100%
Triple H
100%
Albert
96%
Alberto Del Rio
96%
Booker T
96%
Bubba Ray Dudley
96%
Chavo Guerrero Jr.
96%
Chris Benoit
96%
Chris Jericho
96%
Kurt Angle
96%
Randy Orton
96%
Rey Mysterio
96%
Rob Van Dam
96%
Shelton Benjamin
96%
Test
96%
The Big Show
96%
Charlie Haas
92%
CM Punk
92%
Daniel Bryan
92%
Dolph Ziggler
92%
Dominik Mysterio
92%
Mark Henry
92%
Shawn Michaels
92%
The Miz
92%
The Rock
92%
Brock Lesnar
88%
Finn Balor
88%
Gangrel
88%
Heath Slater
88%
Sheamus
88%
Wade Barrett
88%
Bradshaw
83%
Goldust
83%
Jon Moxley
83%
Kofi Kingston
83%
Mick Foley
83%
Ric Flair
83%
Val Venis
83%
William Regal
83%
X-Pac
83%
A.J. Styles
79%
Al Snow
79%
Billy Gunn
79%
Brody King
79%
Drew McIntyre
79%
John Morrison
79%
Malakai Black
79%
Rhyno
79%
Tommy Dreamer
79%
Big Bossman
75%
Bob Holly
75%
Carlito Caribbean Cool
75%
D'Lo Brown
75%
Lance Storm
75%
Rikishi
75%
Road Dogg
75%
R Truth
75%
The Godfather
75%
David Otunga
71%
Damian Priest
67%
Jack Swagger
67%
Mosh
63%
Mr. Kennedy
63%
Perry Saturn
63%
Pierre
63%
Steve Blackman
63%
Thrasher
63%
Jey Uso
58%
Jose Estrada
58%
Justin Gabriel
58%
Marc Mero
58%
Mideon
58%
Davey Boy Smith
54%
Jesus Castillo
54%
The Great Khali
54%
Umaga
54%
Bad News Allan
50%
Evan Bourne
50%
Kevin Owens
50%
Vader
50%
Brodus Clay
46%
"Diamond" Dallas Page
46%
Jeff Jarrett
46%
Tiger Ali Singh
46%
Droz
42%
Funaki
42%
Mr. Perfect
42%
Austin Theory
33%
Maven
33%
Hugh Morrus
29%
Jerry "The King" Lawler
29%
"Hacksaw" Jim Duggan
25%
Mike Awesome
25%
Too Cold Scorpio
25%
Minoru Suzuki
21%
Shawn Stasiak
21%
Meat
17%
Miguel Perez
17%
Grayson Waller
13%
Kanyon
13%
Luchasaurus
13%
Meng
13%
Brian Christopher
8%
Buddy Matthews
8%
Claudio Castagnoli
8%
Penta El Zero Miedo
8%
Taka Michinoku
8%
Wheeler Yuta
8%
Kyle O'Reilly
4%
Matt Cardona
4%
The Blue Meanie
4%
Big Bill
0%
Bobby Blaze
0%
Buddy Landell
0%
Jimmy Valiant
0%
Julio Sanchez
0%
PAC
0%
Papi Chulo
0%
Scott D'Amore
0%
The Taskmaster
0%
No matching quizzes found
Score Distribution
Percent of People with Each Score
Percentile by Number Answered
Your Score History
You have not taken this quiz since the last reset